| 000 | 00366cam a22001097a 4500 | ||
|---|---|---|---|
| 008 | 180718b2000 xxu||||| |||| 00| 0 eng d | ||
| 100 | _aHamilton, Kirk | ||
| 245 |
_aSustaining economic welfare: estimating changes in per capita wealth _cby Kirk Hamilton |
||
| 260 |
_aWashington, D.C. _bWorld Bank _c2000 |
||
| 300 | _a28p. | ||
| 440 | _aPolicy research working paper 2498 | ||
| 999 |
_c285046 _d285046 |
||